MARC

Tag First Indicator Second Indicator Subfields
LEADER 00000cam a2200000Ia 4500
001 in00002782968
005 20151202171809.0
008 790906s1963 caua bf 001 0 eng
010 |a  64060596  
035 |a (OCoLC)ocm05344034 
035 |a (OCoLC)5344034 
040 |a DLC  |c NRC  |d UDI  |d OCL  |d OCLCQ  |d CRU  |d TXA  |d UtOrBLW 
043 |a n-us-ca 
049 |a TXAM 
050 1 4 |a QK495.C75  |b C67 1963 
100 1 |a Cole, James E.  |q (James Ellsworth),  |d 1902- 
245 1 0 |a Cone-bearing trees of Yosemite National Park /  |c by James E. Cole. 
250 |a Rev. 1963 /  |b by William R. Jones. 
264 1 |a Yosemite National Park, Calif. :  |b Yosemite Natural History Association in cooperation with the National Park Service,  |c [1963] 
264 4 |c ©1963 
300 |a 52 pages :  |b illustrations ;  |c 24 cm. 
336 |a text  |b txt  |2 rdacontent 
337 |a unmediated  |b n  |2 rdamedia 
338 |a volume  |b nc  |2 rdacarrier 
500 |a "First published as volume 18, number 5 (May 1939), of Yosemite nature notes"--Title page verso. 
504 |a Includes bibliographical references (page 48) and index. 
536 |a The Al Stonestreet Parks and Recreation Collection, 1997. 
650 0 |a Conifers  |z California  |z Yosemite National Park  |x Identification  |v Handbooks, manuals, etc. 
650 0 |a Trees  |z California  |z Yosemite National Park  |x Identification  |v Handbooks, manuals, etc. 
650 0 |a Cones (Botany)  |z California  |z Yosemite National Park  |x Identification  |v Handbooks, manuals, etc. 
651 0 |a Yosemite National Park (Calif.) 
700 1 |a Jones, William R. 
710 2 |a Yosemite Natural History Association. 
710 1 |a United States.  |b National Park Service. 
948 |a cataloged  |b h  |c 2012/12/11  |d c  |e junters  |f 9:53:48 am 
994 |a C0  |b TXA 
999 |a MARS 
999 f f |s cffd4938-0def-3386-9c30-eea8a16d0b7a  |i f4a00eeb-2bd5-3999-adac-305941e88472  |t 0 
952 f f |p noncirc  |a Texas A&M University  |b College Station  |c Cushing Memorial Library & Archives  |d Cushing: Stonestreet (Does not check out)  |t 0  |e QK495.C75 C67 1963  |h Library of Congress classification  |i unmediated -- volume 
998 f f |a QK495.C75 C67 1963  |t 0  |l Cushing: Stonestreet (Does not check out)